[Event "SRB-chT 2nd League East"]
[Site "Knic"]
[Date "2019.09.08"]
[Round "4.7"]
[White "Nikolic, Dejan"]
[Black "Djukic, Slobodan D"]
[Result "0-1"]
[WhiteElo "1868"]
[BlackElo "2143"]
[PlyCount "109"]
[EventDate "2019.09.06"]
[EventType "team-tourn"]
[EventRounds "11"]
[EventCountry "SRB"]
[SourceTitle "EXT 2020"]
[Source "ChessBase"]
[SourceDate "2019.10.17"]
[SourceVersion "1"]
[SourceVersionDate "2019.10.17"]
[SourceQuality "1"]
[WhiteTeam "Pozarevac"]
[BlackTeam "Veliko Gradiste"]
[WhiteTeamCountry "SRB"]
[BlackTeamCountry "SRB"]

1. d4 Nf6 2. c4 g6 3. Nc3 Bg7 4. Nf3 d6 5. e4 0-0 6. Be2 e5 7. d5 Nbd7 8. h3 Nc5 9. Qc2 a5 10. Be3 Ne8 11. Nd2 f5 12. f3 Qh4+ 13. Bf2 Qg5 14. g4 fxg4 15. hxg4 Qf4 16. Nf1 Qf6 17. Rh2 Bd7 18. b3 Qe7 19. Qd2 Rf7 20. Rb1 Bf6 21. Kd1 Bg5 22. Be3 Bf4 23. Rh1 Qg5 24. Kc2 Nf6 25. Nd1 Be8 26. Nf2 Bxe3 27. Nxe3 Nfd7 28. Nh3 Qe7 29. g5 Nb6 30. Ng4 Kh8 31. Rh2 Bd7 32. Nhf2 Bxg4 33. Nxg4 Nbd7 34. Rbh1 b6 35. Rh3 Rg7 36. Rg1 Rf8 37. Qe3 Rf4 38. Nf2 Nf8 39. Rg4 Rxg4 40. Nxg4 Rf7 41. Nf2 Nb7 42. Rh4 Rf5 43. Rh2 Kg7 44. Nh3 Nd8 45. Kd2 Nd7 46. Rg2 Nf8 47. f4 exf4 48. Nxf4 Qd7 49. Nd3 Qe7 50. Qd4+ Kg8 51. e5 dxe5 52. Nxe5 Rxg5 53. Nf3 Qd6 54. Qc3 Nf7 55. Nd4 0-1

[Event "SRB-chT2 East"]
[Site "Serbia"]
[Date "2018.09.08"]
[Round "2.25"]
[White "Stefanovic, Vladimir"]
[Black "Nikolic, Dejan"]
[Result "1/2-1/2"]
[WhiteElo "2239"]
[BlackElo "1861"]
[PlyCount "41"]
[EventDate "2018.09.07"]
[EventType "team-tourn"]
[EventRounds "11"]
[EventCountry "SRB"]
[SourceTitle "EXT 2021"]
[Source "ChessBase"]
[SourceDate "2020.10.23"]
[SourceVersion "1"]
[SourceVersionDate "2020.10.23"]
[SourceQuality "1"]
[WhiteTeam "Jagodina Kablovi"]
[BlackTeam "Pozarevac"]
[WhiteTeamCountry "SRB"]
[BlackTeamCountry "SRB"]

1. g3 Nf6 2. Bg2 d6 3. c4 c5 4. Nf3 g6 5. d4 cxd4 6. Nxd4 Bg7 7. 0-0 0-0 8. Nc3 a6 9. h3 Qc7 10. b3 Bd7 11. Bb2 Nc6 12. e3 Rac8 13. Rc1 Nxd4 14. Qxd4 Bc6 15. Qd2 Bxg2 16. Kxg2 Qc6+ 17. Kh2 Ne4 18. Nxe4 Bxb2 19. Qxb2 Qxe4 20. Qd4 Qf3 21. Qd5 1/2-1/2

[Event "Paracin Summer op-B 11th"]
[Site "Paracin"]
[Date "2018.07.11"]
[Round "7"]
[White "Nikolic, Dejan"]
[Black "Kuzmanovic, Slobodan"]
[Result "0-1"]
[WhiteElo "1875"]
[BlackElo "2095"]
[PlyCount "60"]
[EventDate "2018.07.06"]
[EventType "swiss"]
[EventRounds "9"]
[EventCountry "SRB"]
[SourceTitle "EXT 2019"]
[Source "ChessBase"]
[SourceDate "2018.10.10"]
[SourceVersion "1"]
[SourceVersionDate "2018.10.10"]
[SourceQuality "1"]

1. d4 Nf6 2. c4 c5 3. d5 e6 4. Nc3 g6 5. e4 d6 6. f3 exd5 7. cxd5 Bg7 8. Be3 0-0 9. Bd3 Nbd7 10. Qd2 a6 11. a4 Rb8 12. g4 Ne5 13. Be2 Qa5 14. Ra3 Qb4 15. Bf4 Re8 16. Qc2 Nxd5 17. Rb3 Nxf4 18. Rxb4 cxb4 19. Nd1 Bd7 20. b3 d5 21. exd5 Rbc8 22. Qb1 Ned3+ 23. Kd2 Bc3+ 24. Nxc3 bxc3+ 25. Kc2 Nb4+ 26. Kc1 c2 27. Qa1 Nfd3+ 28. Kd2 c1Q+ 29. Qxc1 Nxc1 30. Bc4 b5 0-1

[Event "Paracin Summer op-B 11th"]
[Site "Paracin"]
[Date "2018.07.07"]
[Round "3"]
[White "Nikolic, Dejan"]
[Black "Opacic, Alexandar"]
[Result "1/2-1/2"]
[WhiteElo "1875"]
[BlackElo "2052"]
[PlyCount "79"]
[EventDate "2018.07.06"]
[EventType "swiss"]
[EventRounds "9"]
[EventCountry "SRB"]
[SourceTitle "EXT 2019"]
[Source "ChessBase"]
[SourceDate "2018.10.10"]
[SourceVersion "1"]
[SourceVersionDate "2018.10.10"]
[SourceQuality "1"]

1. d4 e6 2. c4 b6 3. Nc3 Bb7 4. Nf3 Nf6 5. a3 Be7 6. Qc2 d5 7. cxd5 exd5 8. Bf4 a6 9. e3 Nbd7 10. h3 0-0 11. Be2 Rc8 12. 0-0 Re8 13. Rac1 Nf8 14. Qb3 Ng6 15. Bh2 Bd6 16. Bxd6 Qxd6 17. Rfd1 Re7 18. Bd3 Ne4 19. Bxe4 dxe4 20. Nd2 Rce8 21. Nf1 Nh4 22. Ng3 h6 23. Qc4 Kh7 24. d5 f5 25. Nce2 g5 26. Qb4 Rd8 27. Nd4 Qxb4 28. axb4 Rxd5 29. Nde2 Rd3 30. Nd4 f4 31. Ngf5 Nxf5 32. Nxf5 Red7 33. Rxd3 exd3 34. Nd4 c5 35. bxc5 bxc5 36. Nb3 fxe3 37. fxe3 d2 38. Rd1 Rd3 39. Nxc5 Rxe3 40. Rxd2 1/2-1/2

[Event "Skopje U2200 op"]
[Site "Skopje"]
[Date "2017.12.10"]
[Round "7"]
[White "Nikolic, Dejan"]
[Black "Aydin, Gulenay"]
[Result "1/2-1/2"]
[WhiteElo "1895"]
[BlackElo "1787"]
[PlyCount "42"]
[EventDate "2017.12.07"]
[EventType "swiss"]
[EventRounds "7"]
[EventCountry "MKD"]
[SourceTitle "CBM 182 Extra"]
[Source "ChessBase"]
[SourceDate "2018.02.23"]
[SourceVersion "1"]
[SourceVersionDate "2018.02.23"]
[SourceQuality "1"]

1. d4 Nf6 2. c4 g6 3. Nc3 Bg7 4. e4 d6 5. Nf3 Bg4 6. Be2 0-0 7. 0-0 Nfd7 8. h3 Bxf3 9. Bxf3 c5 10. e5 Nc6 11. exd6 exd6 12. dxc5 dxc5 13. Be3 Nd4 14. Bd5 Rb8 15. Qd2 Re8 16. Rad1 Nb6 17. Bf4 Be5 18. Rfe1 Bxf4 19. Qxf4 Nxd5 20. Nxd5 Rxe1+ 21. Rxe1 Ne6 1/2-1/2

[Event "Styrian op-B"]
[Site "Bad Gleichenberg"]
[Date "2014.07.07"]
[Round "3"]
[White "Nikolic, Dejan"]
[Black "Horvath, Dominik"]
[Result "1-0"]
[WhiteElo "1960"]
[BlackElo "1808"]
[PlyCount "119"]
[EventDate "2014.07.05"]
[EventType "swiss"]
[EventRounds "9"]
[EventCountry "AUT"]
[SourceTitle "EXT 2016"]
[Source "ChessBase"]
[SourceDate "2015.10.08"]
[SourceVersion "1"]
[SourceVersionDate "2015.10.08"]
[SourceQuality "1"]

1. d4 Nf6 2. c4 g6 3. Nc3 Bg7 4. Bg5 h6 5. Bh4 0-0 6. Nf3 d6 7. e3 Nbd7 8. Be2 c6 9. 0-0 Qe8 10. Qc2 e5 11. Rfd1 Qe7 12. Rac1 g5 13. Bg3 Nh5 14. dxe5 Nxg3 15. hxg3 dxe5 16. Ne4 Nc5 17. Nd6 e4 18. Nxc8 Raxc8 19. Nd4 f5 20. b4 Na6 21. a3 c5 22. Nb5 cxb4 23. axb4 Nxb4 24. Qb3 Qc5 25. Nxa7 Ra8 26. Nb5 Ra2 27. Rb1 Rxe2 28. Qxb4 Qxb4 29. Rxb4 f4 30. gxf4 gxf4 31. Nd4 Ra2 32. Ne6 fxe3 33. fxe3 Rff2 34. Nf4 Rfb2 35. Rd8+ Kh7 36. Rxb2 Rxb2 37. Rd7 Kg8 38. Re7 Rb4 39. Rxe4 b5 40. Re8+ Kf7 41. Rb8 Rxc4 42. Rb7+ Kg8 43. Rxb5 Re4 44. Kf2 Kf7 45. Rb7+ Re7 46. Rxe7+ Kxe7 47. Kf3 Kd6 48. Ke4 Bf6 49. Kf5 Bg5 50. e4 Kd7 51. e5 Ke7 52. g4 Kf7 53. Nd5 Kf8 54. Kg6 Bc1 55. Kf5 Bg5 56. Ke6 Ke8 57. Nf6+ Kd8 58. Kf7 Bc1 59. e6 Ba3 60. Ng8 1-0

[Event "Styrian op-B"]
[Site "Bad Gleichenberg"]
[Date "2014.07.06"]
[Round "2"]
[White "Nikolic, Dejan"]
[Black "Meixner, Peter"]
[Result "1-0"]
[WhiteElo "1960"]
[BlackElo "1772"]
[PlyCount "51"]
[EventDate "2014.07.05"]
[EventType "swiss"]
[EventRounds "9"]
[EventCountry "AUT"]
[SourceTitle "EXT 2016"]
[Source "ChessBase"]
[SourceDate "2015.10.08"]
[SourceVersion "1"]
[SourceVersionDate "2015.10.08"]
[SourceQuality "1"]

1. d4 d5 2. c4 e6 3. Nc3 Nf6 4. Nf3 Be7 5. Bg5 0-0 6. e3 Nbd7 7. Qc2 h6 8. Bh4 b6 9. Rc1 dxc4 10. Bxc4 c5 11. 0-0 Bb7 12. Qe2 Rc8 13. Ba6 Bxa6 14. Qxa6 cxd4 15. exd4 Ra8 16. Rfd1 Qc8 17. Qe2 Qb7 18. d5 Nxd5 19. Nxd5 Bxh4 20. Rc7 Qb8 21. Rxd7 exd5 22. Nxh4 Qe8 23. Qxe8 Rfxe8 24. R7xd5 Re2 25. R5d2 Rae8 26. Kf1 1-0

[Event "SRB-chT Central"]
[Site "Pozarevac"]
[Date "2012.02.19"]
[Round "9"]
[White "Chelushkina, Irina"]
[Black "Nikolic, Dejan"]
[Result "1-0"]
[WhiteElo "2280"]
[BlackElo "1961"]
[PlyCount "63"]
[EventDate "2012.02.13"]
[EventType "team-swiss"]
[EventRounds "9"]
[EventCountry "SRB"]
[SourceTitle "CBM 146 Extra"]
[Source "ChessBase"]
[SourceDate "2012.02.29"]
[SourceVersion "1"]
[SourceVersionDate "2012.02.29"]
[SourceQuality "1"]

1. g3 Nf6 2. Bg2 g6 3. e4 d6 4. d4 Bg7 5. Ne2 c6 6. a4 a5 7. Nbc3 Nbd7 8. 0-0 0-0 9. h3 Qc7 10. Be3 Nb6 11. b3 Nbd7 12. f4 e6 13. Qe1 Rb8 14. g4 b5 15. Ng3 b4 16. Nce2 Ba6 17. g5 Ne8 18. f5 exf5 19. exf5 f6 20. fxg6 hxg6 21. Nf4 d5 22. Ne6 Qc8 23. Nxf8 Nxf8 24. Rf2 f5 25. Rd1 Ne6 26. Ne2 Rb7 27. Nf4 Kf7 28. h4 Re7 29. Nxe6 Kxe6 30. h5 gxh5 31. Bf3 Kf7 32. Rh2 1-0

[Event "SRB-chT Central"]
[Site "Pozarevac"]
[Date "2012.02.14"]
[Round "2"]
[White "Todorovic, Goran M"]
[Black "Nikolic, Dejan"]
[Result "1-0"]
[WhiteElo "2509"]
[BlackElo "1961"]
[PlyCount "113"]
[EventDate "2012.02.13"]
[EventType "team-swiss"]
[EventRounds "9"]
[EventCountry "SRB"]
[SourceTitle "CBM 146 Extra"]
[Source "ChessBase"]
[SourceDate "2012.02.29"]
[SourceVersion "1"]
[SourceVersionDate "2012.02.29"]
[SourceQuality "1"]

1. e4 e6 2. d4 d5 3. Nd2 Be7 4. Ngf3 Nf6 5. exd5 Qxd5 6. Bc4 Qh5 7. Nf1 Qa5+ 8. c3 c5 9. Ng3 Nc6 10. dxc5 Qxc5 11. Qe2 a6 12. 0-0 b5 13. Bb3 Na5 14. Bc2 Nc4 15. b3 Nb6 16. c4 0-0 17. Be3 Qc7 18. cxb5 Nbd5 19. b6 Nxb6 20. Rac1 Qb8 21. Bd4 Nbd5 22. Ne5 Bb7 23. Nh5 Qd8 24. Bb2 g6 25. Nxf6+ Bxf6 26. Be4 Bg7 27. Rfd1 Qg5 28. Nd3 Nf4 29. Nxf4 Bxb2 30. Bxb7 Bxc1 31. Nxe6 Rae8 32. Nxg5 Rxe2 33. Rxc1 Rxa2 34. g3 h6 35. Ne4 Rd8 36. Bd5 Kg7 37. Bc4 f5 38. Nc3 Rb2 39. Na4 Ra2 40. Nc5 Rdd2 41. b4 Rab2 42. Nd3 Rbc2 43. Rxc2 Rxc2 44. Bxa6 Rd2 45. Kf1 Kf6 46. Ke1 Ra2 47. Bc4 Ra4 48. Kd2 Ke7 49. Bb3 Ra7 50. Ne5 Ra6 51. Kc3 g5 52. b5 Rf6 53. Kb4 Kd6 54. Nc4+ Kc7 55. Kc5 f4 56. b6+ Kb8 57. g4 1-0

[Event "IECC CL7-2010.04 email"]
[Site "IECC email"]
[Date "2010.06.29"]
[Round "?"]
[White "Simmons, Ernest"]
[Black "Nikolic, Dejan"]
[Result "1/2-1/2"]
[WhiteElo "1083"]
[BlackElo "1033"]
[PlyCount "73"]
[EventDate "2010.??.??"]
[EventType "tourn (corr)"]
[EventRounds "4"]
[SourceTitle "Telechess CBM 145"]
[Source "Chessbase"]
[SourceDate "2011.11.11"]
[SourceVersion "1"]
[SourceVersionDate "2011.11.11"]
[SourceQuality "1"]
[WhiteTeam "US of America"]
[BlackTeam "SCG"]
[WhiteTeamCountry "USA"]

1. d4 d5 2. c4 e5 3. e3 exd4 4. exd4 Nc6 5. Nf3 Nf6 6. c5 Be7 7. Be2 0-0 8. 0-0 Re8 9. Nc3 a6 10. h3 b6 11. cxb6 cxb6 12. a3 Ne4 13. Qc2 Bf5 14. Bd3 Bf6 15. Ne2 Qd7 16. Be3 b5 17. Rac1 Rec8 18. Qb1 Ne7 19. Ne5 Qd8 20. f3 Nd6 21. Nf4 Ra7 22. Nh5 Bxd3 23. Qxd3 Rac7 24. Nxf6+ gxf6 25. Ng4 Nef5 26. Bf4 Rxc1 27. Rxc1 Rxc1+ 28. Bxc1 h5 29. Ne3 Ne7 30. h4 Qc8 31. Qd1 Nef5 32. Nxd5 Kg7 33. Nf4 Kh6 34. Ne6+ Kg6 35. Nf4+ Kh6 36. Nd5+ Kg6 37. Nf4+ 1/2-1/2

[Event "IECC CL7-2010.03 email"]
[Site "IECC email"]
[Date "2010.04.19"]
[Round "?"]
[White "Nikolic, Dejan"]
[Black "Khramkov, Alexey Gennadievic"]
[Result "1/2-1/2"]
[WhiteElo "1024"]
[BlackElo "1107"]
[PlyCount "72"]
[EventDate "2010.??.??"]
[EventType "tourn (corr)"]
[EventRounds "4"]
[SourceTitle "Telechess CBM 149"]
[Source "ChessBase"]
[SourceDate "2012.07.17"]
[SourceVersion "1"]
[SourceVersionDate "2012.07.17"]
[SourceQuality "1"]
[WhiteTeam "SCG"]

1. e4 e5 2. d4 Nf6 3. Nf3 Nxe4 4. Bd3 d5 5. Nxe5 Nf6 6. 0-0 Be7 7. Re1 0-0 8. Bg5 Nc6 9. Nxc6 bxc6 10. c3 Re8 11. Qc2 h6 12. Bh4 a5 13. a4 Ba6 14. Nd2 Bxd3 15. Qxd3 Qd6 16. Nf3 Nd7 17. Bg3 Qf6 18. Ne5 Nxe5 19. Bxe5 Qg6 20. Qxg6 fxg6 21. Bxc7 Kf7 22. Be5 g5 23. Kf1 Bf6 24. Bxf6 gxf6 25. Rxe8 Rxe8 26. Re1 Rb8 27. Rb1 h5 28. b4 Ke6 29. Ke2 Kd6 30. Kd3 h4 31. b5 c5 32. c4 dxc4+ 33. Kxc4 cxd4 34. Kxd4 Rb6 35. Rc1 Kd7 36. Re1 Kd6 1/2-1/2

[Event "IECC CL7-2008.01 email"]
[Site "IECC email"]
[Date "2008.02.10"]
[Round "?"]
[White "Renze, John"]
[Black "Nikolic, Dejan"]
[Result "1-0"]
[WhiteElo "1225"]
[BlackElo "1041"]
[PlyCount "73"]
[EventDate "2008.??.??"]
[EventType "tourn (corr)"]
[EventRounds "4"]
[SourceTitle "Corr 2013"]
[Source "ChessBase"]
[SourceDate "2012.11.12"]
[SourceVersion "1"]
[SourceVersionDate "2012.11.12"]
[SourceQuality "1"]
[WhiteTeam "Nicaragua"]
[BlackTeam "US of America"]
[WhiteTeamCountry "NCA"]
[BlackTeamCountry "USA"]

1. e4 e5 2. f4 d6 3. Nf3 exf4 4. d4 g5 5. h4 g4 6. Ng1 Bh6 7. Nc3 c6 8. Nge2 Qf6 9. g3 f3 10. Nf4 Ne7 11. e5 dxe5 12. Ne4 Qg7 13. Nh5 Qf8 14. Nef6+ Kd8 15. dxe5+ Kc7 16. Qd6+ Kb6 17. Nd5+ Nxd5 18. Bxh6 Qxd6 19. exd6 Re8+ 20. Kf2 Nd7 21. c4 N5f6 22. Nxf6 Nxf6 23. Be3+ Rxe3 24. Kxe3 Be6 25. b4 c5 26. b5 a5 27. Rd1 Rd8 28. Rh2 Ka7 29. Rhd2 b6 30. a4 h5 31. Kf4 Nd7 32. Kg5 Rh8 33. Bd3 Kb8 34. Bf5 Bxf5 35. Kxf5 Kc8 36. Re1 Kd8 37. Re7 1-0

[Event "IECC CL7-2007.07 email"]
[Site "IECC email"]
[Date "2007.05.12"]
[Round "?"]
[White "Helfrich, Cory"]
[Black "Nikolic, Dejan"]
[Result "1-0"]
[WhiteElo "1194"]
[BlackElo "1039"]
[PlyCount "39"]
[EventDate "2007.??.??"]
[EventType "tourn (corr)"]
[EventRounds "4"]
[SourceTitle "Corr 2011"]
[Source "ChessBase"]
[SourceDate "2010.08.31"]
[SourceVersion "1"]
[SourceVersionDate "2010.08.31"]
[SourceQuality "1"]
[WhiteTeam "Italy"]
[BlackTeam "Chile"]
[WhiteTeamCountry "ITA"]
[BlackTeamCountry "CHI"]

1. e4 e5 2. Nf3 Nc6 3. Bc4 Nf6 4. d3 Be7 5. 0-0 d6 6. c3 0-0 7. Re1 Be6 8. Nbd2 Na5 9. Bxe6 fxe6 10. b4 Nc6 11. b5 Nb8 12. Ng5 Qd7 13. Qb3 d5 14. Ndf3 Qd6 15. exd5 exd5 16. Rxe5 Nbd7 17. Ne4 Nc5 18. Nxc5 Qxc5 19. a4 Qd6 20. Ba3 1-0

[Event "IECC CL7-2007.07 email"]
[Site "IECC email"]
[Date "2007.05.12"]
[Round "?"]
[White "Nikolic, Dejan"]
[Black "Maggiora, Aldo"]
[Result "0-1"]
[WhiteElo "1056"]
[BlackElo "1366"]
[PlyCount "34"]
[EventDate "2007.??.??"]
[EventType "tourn (corr)"]
[EventRounds "4"]
[SourceTitle "Corr 2011"]
[Source "ChessBase"]
[SourceDate "2010.08.31"]
[SourceVersion "1"]
[SourceVersionDate "2010.08.31"]
[SourceQuality "1"]
[WhiteTeam "Italy"]
[BlackTeam "Chile"]
[WhiteTeamCountry "ITA"]
[BlackTeamCountry "CHI"]

1. e4 e5 2. Nf3 Nc6 3. Bb5 a6 4. Ba4 Nf6 5. 0-0 Be7 6. Re1 b5 7. Bb3 d6 8. c3 0-0 9. d3 Na5 10. Bc2 c5 11. b4 cxb4 12. cxb4 Nc6 13. a3 d5 14. exd5 Nxd5 15. Nxe5 Nxe5 16. Rxe5 Bf6 17. Re1 Bxa1 0-1

[Event "IECC CL7-2007.01 email"]
[Site "IECC email"]
[Date "2007.01.08"]
[Round "?"]
[White "Nikolic, Dejan"]
[Black "Reni, Norbert"]
[Result "0-1"]
[WhiteElo "1090"]
[BlackElo "1030"]
[PlyCount "58"]
[EventDate "2007.??.??"]
[EventType "tourn (corr)"]
[EventRounds "4"]
[SourceTitle "Corr 2008"]
[Source "ChessBase"]
[SourceDate "2008.06.24"]
[SourceVersion "1"]
[SourceVersionDate "2008.06.24"]
[SourceQuality "1"]
[WhiteTeam "SCG"]
[BlackTeam "Australia"]
[BlackTeamCountry "AUS"]

1. e4 c5 2. Nf3 Nc6 3. d4 cxd4 4. Nxd4 Nf6 5. Nc3 Qc7 6. Be3 e6 7. Be2 a6 8. Qd2 g6 9. 0-0 Bg7 10. f4 d5 11. exd5 exd5 12. Bf3 Qd8 13. Rad1 0-0 14. a4 Ng4 15. Nxc6 bxc6 16. Bd4 Nf6 17. Rfe1 Bb7 18. g4 Qd6 19. g5 Ne8 20. Bxg7 Nxg7 21. Ne4 Qc7 22. Nf6+ Kh8 23. Re5 Qb6+ 24. Kh1 Qxb2 25. c4 Qb3 26. Be2 dxc4 27. a5 c3 28. Qc1 c5+ 29. Kg1 c4 0-1

[Event "IECC CL7-2006.11 email"]
[Site "IECC email"]
[Date "2006.07.02"]
[Round "?"]
[White "Copin, Jean Christophe"]
[Black "Nikolic, Dejan"]
[Result "1-0"]
[WhiteElo "1215"]
[BlackElo "1113"]
[PlyCount "75"]
[EventDate "2006.??.??"]
[EventType "tourn (corr)"]
[EventRounds "4"]
[SourceTitle "Corr 2020"]
[Source "ChessBase"]
[SourceDate "2019.09.30"]
[SourceVersion "1"]
[SourceVersionDate "2019.09.30"]
[SourceQuality "1"]
[WhiteTeam "France"]
[BlackTeam "SCG"]
[WhiteTeamCountry "FRA"]

1. e4 e5 2. Nf3 Nc6 3. Bb5 a6 4. Ba4 Nf6 5. 0-0 Be7 6. Re1 b5 7. Bb3 0-0 8. Nc3 d6 9. Nd5 Na5 10. Nxe7+ Qxe7 11. c3 Nxb3 12. Qxb3 Bb7 13. d3 h6 14. Nh4 Qe6 15. Qxe6 fxe6 16. Re3 Kh7 17. h3 g5 18. Nf3 c5 19. g4 Nd7 20. Kg2 d5 21. Bd2 d4 22. cxd4 exd4 23. Ree1 e5 24. b3 Rac8 25. h4 gxh4 26. Nxh4 c4 27. Nf5 cxd3 28. f3 Rc2 29. Rad1 Rfc8 30. Rh1 R8c6 31. Kg3 Rxa2 32. Bxh6 Rcc2 33. Bd2+ Kg8 34. Rh2 Nc5 35. Rdh1 Nxe4+ 36. fxe4 Bxe4 37. Rh8+ Kf7 38. R1h7+ 1-0

[Event "IECC CL7-2006.06 email"]
[Site "IECC email"]
[Date "2006.03.27"]
[Round "?"]
[White "Nikolic, Dejan"]
[Black "Kulkarni, Samir"]
[Result "0-1"]
[WhiteElo "1108"]
[BlackElo "1241"]
[PlyCount "54"]
[EventDate "2006.??.??"]
[EventType "tourn (corr)"]
[EventRounds "4"]
[SourceTitle "Corr 2020"]
[Source "ChessBase"]
[SourceDate "2019.09.30"]
[SourceVersion "1"]
[SourceVersionDate "2019.09.30"]
[SourceQuality "1"]
[WhiteTeam "SCG"]
[BlackTeam "India"]
[BlackTeamCountry "IND"]

1. e4 Nc6 2. Nc3 e5 3. Nf3 Nf6 4. d4 exd4 5. Nxd4 Bb4 6. Nxc6 bxc6 7. Bd3 Bxc3+ 8. bxc3 0-0 9. Bg5 h6 10. Bxf6 Qxf6 11. Qd2 d6 12. 0-0 Be6 13. Rfe1 Qe5 14. f4 Qc5+ 15. Kh1 f6 16. f5 Bf7 17. a4 Rab8 18. Reb1 Rfe8 19. Rxb8 Rxb8 20. Qe1 a5 21. Rb1 Rxb1 22. Qxb1 Qxc3 23. h3 c5 24. Qb8+ Kh7 25. Qxc7 Bg8 26. Qxd6 Qe1+ 27. Kh2 c4 0-1